• 首页
  • 本馆介绍
  • 公告通知
  • 最新文献
  • 馆藏检索
  • 电子资源
  • 读者导购
  • 参考咨询
  • 我的图书馆
  • 登录
  • 详细信息显示
  • 放入我的书架
  • 预约/预借图书
  • 作者相关作品
  • 分类相关作品
  • 丛书相关作品
  • 出版社相关作品

书目信息

  • 表格格式
  • 工作单格式
  • 卡片格式
题名:
人权之门
    
 
作者: 张永和 主编
分册:  
出版信息: 桂林   广西师范大学出版社  2015
页数: 18,399页
开本: 24cm
丛书名:
单 册:
中图分类: D621.5
科图分类:
主题词: 人权--ren quan--研究--中国
电子资源:
ISBN: 978-7-5495-6364-7
000 01068nam0 22002411 450
001 1754527574
005 20170516112211.0
010    @a978-7-5495-6364-7@dCNY42.00
100    @a20150514d2015 em y0chiy50 ea
101 0  @achi@eeng
102    @aCN@b450000
105    @aa z 000yy
106    @ar
200 1  @a人权之门@9ren quan zhi men@dApproaching human rights@f张永和主编@zeng
210    @a桂林@c广西师范大学出版社@d2015
215    @a18,399页@c图@d24cm
330    @a本书以讲述西方和中国的人权故事为主要方式,介绍世界人权的基本状况,以及及亚、非、拉的人权进展及对世界人权发展所作出的贡献;介绍中国的人权发展及现实状况,包括革命根据地时期、新中国成立后四部宪法及其修正案中人权理念的变迁与法律制度保障、1991年至今中国政府公布的人权白皮书及两个国家人权行动计划,并且特别从学术与制度层面介绍中国人权的社会实践状况及司法制度。
510 1  @aApproaching human rights@zeng
606 0  @a人权@9ren quan@x研究@y中国
690    @aD621.5@v5
701  0 @a张永和@9zhang yong he@c(博士,@f1956~)@4主编
801  0 @aCN@b百万庄@c20170513
905    @b1006122-7@dD621.5@e80@f6
    
    人权之门=Approaching human rights/张永和主编.-桂林:广西师范大学出版社,2015
    18,399页:图;24cm
    
    
    ISBN 978-7-5495-6364-7:CNY42.00
    本书以讲述西方和中国的人权故事为主要方式,介绍世界人权的基本状况,以及及亚、非、拉的人权进展及对世界人权发展所作出的贡献;介绍中国的人权发展及现实状况,包括革命根据地时期、新中国成立后四部宪法及其修正案中人权理念的变迁与法律制度保障、1991年至今中国政府公布的人权白皮书及两个国家人权行动计划,并且特别从学术与制度层面介绍中国人权的社会实践状况及司法制度。
●
相关链接 在E读中查询图书 在五车中查询图书 在当当中查询图书 在豆瓣中查询图书


正题名:人权之门     索取号:D621.5/80         预约/预借

序号 登录号 条形码 馆藏地/架位号 状态 备注
1 1006122   210061225   第一样本阅览室/ [索取号:D621.5/80] 在馆    
2 1006123   210061234   教育系资料室/ [索取号:D621.5/80] 在馆    
3 1006124   210061243   教育系资料室/ [索取号:D621.5/80] 在馆    
4 1006125   210061252   教育系资料室/ [索取号:D621.5/80] 在馆    
5 1006126   210061261   第一借阅区/ [索取号:D621.5/80] 在馆    
6 1006127   210061270   第一借阅区/ [索取号:D621.5/80] 在馆    
唐山师范学院图书馆 欢迎您!
大连网信软件有限公司© 版权所有